000
00272nam a2200109Ia 4500
001
589108
005
20250717120842.0
008
250717s9999 xx 000 0 und d
245
0
_a
X-3 TAŞ DEVRİ MODASI
_c
REBECCA LISLE
260
_b
İNDİGO YAYINLARI
_c
2018
300
_b
32
999
_c
589108
_d
589108